00408nam a2200157 a 450000100100000000500170001000800410002704000250006808200150009310000310010824500430013926000300018230000200021249000090023283000090024100004224920201002040029.0131120s1974 fr 000 0 spa d aDO-SdBNPbspacBNPHU axxxbG216a1 aGarcía Salve, Francisco.13aEl Amargo /cFrancisco García Salve. aParís :b[s.n.],c1974. a69 p. ;c18 cm.1 aEbro 0aEbro